<?xml version="1.0" encoding="UTF-8"?>
<marc:record xmlns:marc="http://www.loc.gov/MARC21/slim">
   <marc:leader>00000nam a2200000 a 4500</marc:leader>
   <marc:datafield ind1=" " ind2=" " tag="653">
      <marc:subfield code="a">Sicherheit</marc:subfield>
   </marc:datafield>
   <marc:datafield ind1="0" ind2="0" tag="245">
      <marc:subfield code="a">Gesundheit und Sicherheit</marc:subfield>
   </marc:datafield>
   <marc:datafield ind1=" " ind2="1" tag="264">
      <marc:subfield code="b">Time-Life</marc:subfield>
      <marc:subfield code="c">1996</marc:subfield>
   </marc:datafield>
   <marc:datafield ind1="1" ind2=" " tag="490">
      <marc:subfield code="a">Kinder entdecken ...</marc:subfield>
   </marc:datafield>
   <marc:datafield ind1="1" ind2=" " tag="520">
      <marc:subfield code="a">38 überwiegend schablonenhaft vereinfacht illustrierte Doppelseiten sind der Beantwortung von ebensovielen schlicht formulierten Fragen zu Gesundheits- und Sicherheitsaspekten des täglichen Lebens gewidmet, deren Palette vom gesunden Frühstück über Fernsehen, Gefühlsregungen, Verhalten in Krisen-/Unfallsituationen, Verkehrsverhalten bis hin zu Gewitter reicht. Kurze, grossgedruckte Antworten sind ergänzt durch farbige Textblöcke. Die Auswahl ist ein recht Sammelsurium und wirkt zufällig und konzeptionslos. Vorzuziehen ist "Sicherheit auf dinosaurisch" (BA 1/96).</marc:subfield>
   </marc:datafield>
   <marc:datafield ind1="3" ind2=" " tag="024">
      <marc:subfield code="a">9053907726</marc:subfield>
   </marc:datafield>
</marc:record>
